सतह से शिखर तक भारत के राष्ट्रपति / (Record no. 28433)

MARC details
000 -LEADER
fixed length control field 01281nam a22002537a 4500
005 - DATE AND TIME OF LATEST TRANSACTION
control field 2009072001441.0
008 - FIXED-LENGTH DATA ELEMENTS--GENERAL INFORMATION
fixed length control field 090714t xxu||||| |||| 00| 0 hin d
010 ## - LCCN (DPL NO)
LC control number HIN-87343
020 ## - INTERNATIONAL STANDARD BOOK NUMBER
Terms of availability 300.00
International Standard Book Number 9788187775297
035 ## - SYSTEM CONTROL NUMBER
System control number HN-59689
037 ## - SOURCE OF ACQUISITION
Source of stock number/acquisition DBAD / PUB
040 ## - CATALOGING SOURCE
Original cataloging agency dpl
Language of cataloging hn
082 ## - DEWEY DECIMAL CLASSIFICATION NUMBER
Classification number 923.154
100 ## - MAIN ENTRY--PERSONAL NAME
Personal name त्रिपाठी, कन्हैया
245 ## - TITLE STATEMENT
Title सतह से शिखर तक भारत के राष्ट्रपति /
Statement of responsibility, etc कन्हैया त्रिपाठी
246 ## - VARYING FORM OF TITLE
Title proper/short title Sataha se shikhara taka : Bharat ke Raashtraapati
Remainder of title by Kanhiya Tripathi
260 ## - PUBLICATION, DISTRIBUTION, ETC. (IMPRINT)
Place of publication, distribution, etc नई दिल्ली
Name of publisher, distributor, etc आकाशदीप पब्लिकेशंस
Date of publication, distribution, etc 2009
270 ## - ADDRESS
Address 1/1073-डी, महरौली,
City नई दिल्ली
Postal code 110030
300 ## - PHYSICAL DESCRIPTION
Extent 239पृ.
Dimensions 22सेमी (सजिल्द)
650 ## - SUBJECT ADDED ENTRY--TOPICAL TERM
Topical term or geographic name as entry element राष्ट्रपति
General subdivision जीवनी
Geographic subdivision भारत
650 ## - SUBJECT ADDED ENTRY--TOPICAL TERM
Topical term or geographic name as entry element Presidents
General subdivision Biography
Geographic subdivision India
942 ## - ADDED ENTRY ELEMENTS (KOHA)
Source of classification or shelving scheme Dewey Decimal Classification
Item type Hindi Books
Call number suffix त्रिपाठी
Classification part 923.154
Holdings
Withdrawn status Lost status Source of classification or shelving scheme Damaged status Not for loan Home library Current library Date acquired Source of acquisition Cost, normal purchase price Total Checkouts Full call number Barcode Date last seen Copy number Cost, replacement price Koha item type
    Dewey Decimal Classification   Not For Loan D.B.Act.Division D.B.Act.Division 20/07/2009 DBAD / PUB 300.00   923.154 त्रिपाठी HN-59689 20/07/2009 1 300.00 Hindi Books

© Delhi Public Library
Hit Counter
free hit counter